000 00567nam a2200241 a 4500
001 nice12345678
003 IN_TiNIC
005 20260116011747.0
008 050524s1913 dela grp 000 0 urd
020 _a
_c100
082 0 0 _a241
_bFRE1
100 _aFrench, V Thomas
245 _aImdad-Ul-Ibadat
260 _aDelhi
_bImperial Bookdepo Press
_c1913
300 _a156p
500 _aincludes index and biblioraphy
505 2 _aNotes
650 _aChristian-Ethics
700 1 _aFrench, V Thomas
902 _bSRS
942 _cBK
999 _c3761
_d3761